Mi patria y el mundo
Saved in:
| 主要作者: | |
|---|---|
| 格式: | 圖書 |
| 語言: | 西班牙语 |
| 出版: |
Santiago
Vaitea
1977
|
| 版: | 1a. ed |
| 叢編: | Ciencia Política
|
| 主題: | |
| 標簽: |
添加標簽
沒有標簽, 成為第一個標記此記錄!
|
MARC
| LEADER | 00000nam a2200000 a 4500 | ||
|---|---|---|---|
| 001 | UCT7822 | ||
| 003 | CL-VaPUC | ||
| 008 | 970317e19771100CL |||||||||||||||||spa|d | ||
| 082 | 0 | 4 | |a 327.091 |b SAK |2 21 |
| 100 | 0 | |a Sakharov, Andrei D |e author |9 379004 | |
| 245 | 1 | 0 | |a Mi patria y el mundo |
| 250 | |a 1a. ed | ||
| 300 | |a 91 p | ||
| 942 | |c BK | ||
| 945 | |d 19970317 00:00:00 |a paguirre | ||
| 260 | |a Santiago |b Vaitea |c 1977 | ||
| 500 | |a Donación Padres Capuchinos | ||
| 650 | 0 | |a Comunismo |9 255588 | |
| 650 | 7 | |a SISTEMAS POLITICOS |2 CL-VaPUC |9 379005 | |
| 650 | 0 | |a Ideologías |9 255200 | |
| 650 | 0 | |a Relaciones Internacionales |9 255740 | |
| 650 | 0 | |a Política internacional |9 255813 | |
| 650 | 0 | |a Totalitarismo |9 255261 | |
| 650 | 0 | |a Libertad |9 255686 | |
| 650 | 0 | |a Desarme |9 255227 | |
| 651 | 0 | |a Unión Soviética |9 256769 | |
| 651 | 7 | |a INDOCHINA |2 CL-VaPUC |9 357888 | |
| 583 | |a last modification |c 19970317 00:00:00 |k Rodrigo Vera | ||
| 490 | 0 | |a Ciencia Política | |
| 999 | |c 256369 |d 256367 | ||
| 952 | |0 0 |1 0 |4 0 |6 327_091000000000000_SAK_1977 |7 0 |8 A |9 279068 |a BIBDER |b BIBDER |d 2019-11-19 |i 1808192 |o 327.091 SAK 1977 |p 1808192 |r 2023-01-25 |w 2019-11-19 |y BK |k DER | ||
| 952 | |0 0 |1 0 |4 0 |6 327_091000000000000_SAK_1977 |7 0 |8 A |9 279069 |a BIBDER |b BIBDER |d 2019-11-19 |i 1954504 |o 327.091 SAK 1977 |p 1954504 |r 2023-01-25 |w 2019-11-19 |y BK |k DER | ||
| 952 | |0 0 |1 0 |4 0 |6 327_091000000000000_SAK_1977 |7 0 |8 X |9 279070 |a FDOBUD |b FDOBUD |d 2019-11-19 |i 4401018 |o 327.091 SAK 1977 |p 4401018 |r 2019-11-19 |w 2019-11-19 |y BK_X |k BUD | ||
| 952 | |0 0 |1 0 |4 0 |6 327_091000000000000_SAK_1977 |7 0 |8 X |9 279071 |a FDOBUD |b FDOBUD |d 2019-11-19 |i 4407598 |o 327.091 SAK 1977 |p 4407598 |r 2019-11-19 |w 2019-11-19 |y BK_X |k BUD | ||